Salomonseilanden Trivia Quiz - Statistieken

Algemene statistieken
  • Deze quiz is 235 keer genomen
  • De gemiddelde score is 8 van 14
Antwoordstatistieken
Hint Antwoord % Correct
Land waaruit de Salomonseilanden in 1978 onafhankelijk werd Verenigd Koninkrijk
88%
Land dat in 1942 de Salomonseilanden binnenviel Japan
86%
Dichtsbijzijnste andere landen Papoea-Nieuw-Guinea
76%
Dichtsbijzijnste andere landen Vanuatu
75%
Meest populaire sport Rugby
74%
Hoofdstad van de Salomonseilanden Honiara
70%
Oceanische subregio waar de Salomonseilanden deel van uitmaken {Mela}nesië
62%
Buitenlanders mogen dit op de Salomonseilanden niet bezitten Land
61%
Zee die ten westen ligt Salomonzee
55%
Grootste sector van de economie Landbouw
51%
Zee die ten zuiden ligt Koraalzee
42%
Deze werden gebruikt als betaalmiddel voorafgaand aan de Europese kolonisatie Schelpen
42%
Grootste eiland, plaats van een bloedige strijd in de Tweede Wereldoorlog Guadalcanal
33%
Meest gesproken taal Pijin
21%
Geen overeenkomende quizzen gevonden
Scoreverdeling
Procent van Mensen met Elke Score
Percentiel versus Aantal Correcte Antwoorden
Uw Scoregeschiedenis
U heeft deze quiz nog niet genomen